| 000 | 00000nam##2200000za#4500 |
| 001 | 9.625677 |
| 003 | CaOODSP |
| 005 | 20200421163412 |
| 007 | ta |
| 008 | 150406|2001||||xxc||||| f|0| 0 fre|d |
| 020 | |a0-662-85957-X |
| 040 | |aCaOODSP|bfre |
| 043 | |an-cn--- |
| 086 | 1 |aNH18-24/10F |
| 110 | 2 |aSociété canadienne d'hypothèques et de logement. |
| 245 | 13|aLe chauffage au bois en toute sécurité lors d'une situation d'urgence |
| 260 | |aOttawa - Ontario : |bSociété canadienne d'hypothèques et de logement |c2001. |
| 300 | |a4p. ; |c28 cm. |
| 490 | 1 |aVotre maison |vCF10 60522 |
| 563 | |aDépliant |
| 590 | |a01-22|b2001-06-01 |
| 691 | 07|aChauffage|2gcpds |
| 691 | 07|aBois|2gcpds |
| 691 | 07|aMesure de sécurité|2gcpds |
| 775 | 08|tWood heat safety in an emergency |w(CaOODSP)9.615626 |
| 776 | 0#|tLe chauffage au bois en toute sécurité lors d'une situation d'urgence |w(CaOODSP)9.602206 |
| 830 | #0|aVotre maison ;|vCF10 60522|w(CaOODSP)9.513181 |